|
|
|
|
| LEADER |
00000nam0a2200000 4500 |
| 001 |
251298 |
| 005 |
20231101232638.0 |
| 020 |
|
|
|a RU
|b 89-19398
|
| 035 |
|
|
|a (RuTPU)RU\TPU\book\273574
|
| 090 |
|
|
|a 251298
|
| 100 |
|
|
|a 20140220d1988 k y0rusy5003 ca
|
| 101 |
0 |
|
|a rus
|
| 102 |
|
|
|a UA
|
| 105 |
|
|
|a a z 001zy
|
| 200 |
1 |
|
|a Автоматизация процессов технического обслуживания и ремонта авиационного оборудования воздушных судов
|e сборник научных трудов
|f Киевский институт инженеров гражданской авиации ; под ред. С. П. Кононова
|
| 210 |
|
|
|a Киев
|c Изд-во КИИГА
|d 1988
|
| 215 |
|
|
|a 116 с.
|c ил.
|
| 320 |
|
|
|a Библиогр. в конце ст.
|
| 606 |
1 |
|
|a Авиационные приборы
|x Испытание
|2 stltpush
|3 (RuTPU)RU\TPU\subj\465
|9 29382
|
| 610 |
1 |
|
|a летательные аппараты
|
| 610 |
0 |
|
|a автоматизация
|
| 610 |
1 |
|
|a оборудование
|
| 610 |
0 |
|
|a ремонт
|
| 610 |
0 |
|
|a обслуживание
|
| 610 |
0 |
|
|a техническое обслуживание
|
| 610 |
0 |
|
|a контроль
|
| 610 |
0 |
|
|a диагностирование
|
| 675 |
|
|
|a 629.73.05
|z rus
|
| 702 |
|
1 |
|a Кононов
|b С. П.
|4 340
|
| 712 |
0 |
2 |
|a Киевский институт инженеров гражданской авиации
|2 stltpush
|3 (RuTPU)RU\TPU\col\7483
|9 24336
|
| 801 |
|
0 |
|a RU
|b RuMRKP
|c 19950417
|g psbo
|
| 801 |
|
1 |
|a RU
|b 63413507
|c 20140220
|
| 801 |
|
2 |
|a RU
|b 63413507
|c 20140221
|g RCR
|
| 942 |
|
|
|c BK
|